Normal view
MARC view
- N K De
Entry Personal Name
001 - CONTROL NUMBER
- control field: 101177
003 - CONTROL NUMBER IDENTIFIER
- control field: NUST
005 - DATE AND TIME OF LATEST TRANSACTION
- control field: 20221024094929.0
008 - FIXED-LENGTH DATA ELEMENTS
- fixed length control field: 221024|| aca||aabn | a|a d
040 ## - CATALOGING SOURCE
- Original cataloging agency: NUST
- Transcribing agency: NUST
100 ## - HEADING--PERSONAL NAME
- Personal name: N K De
670 ## - SOURCE DATA FOUND
- Source citation: Work cat.: (NUST)180273: De, Nisit K. 101176, Electric drives /, 1999
